Resistance movements and international law

Guardat en:
Dades bibliogràfiques
Autor principal: Ford, W. J (Autor)
Format: Llibre
Idioma:anglès
Publicat: Ginebra Comité Internacional de la Cruz Roja 1967
Matèries:
Etiquetes: Afegir etiqueta
Sense etiquetes, Sigues el primer a etiquetar aquest registre!

MARC

LEADER 00000nam a2200000 a 4500
001 UCT9537
003 CL-VaPUC
008 970404e19670000SZ |||||||||||||||||eng|d
082 0 4 |a 341.6  |b FOR  |2 21 
100 0 |a Ford, W. J  |e author  |9 382339 
245 1 0 |a Resistance movements and international law 
300 |a 45 p 
942 |c BK 
945 |d 19970404 00:00:00  |a lriquelm 
260 |a Ginebra  |b Comité Internacional de la Cruz Roja  |c 1967 
500 |a Extracts from the International Review of the Red Cross, Genova, October, November, December 1967 and January 1968 
650 0 |a Derecho internacional  |9 255637 
650 0 |a Actividades subversivas  |9 315237 
650 0 |a Conflicto social  |9 255404 
650 7 |a GUERRA NO CONVENCIONAL  |2 CL-VaPUC  |9 368101 
583 |a last modification  |c 19970404 00:00:00  |k Rodrigo Vera 
999 |c 257929  |d 257927 
952 |0 0  |1 0  |4 0  |6 341_600000000000000_FOR_1967  |7 0  |8 A  |9 281654  |a BIBDER  |b BIBDER  |d 2019-11-19  |i 182502K  |o 341.6 FOR 1967  |p 182502K  |r 2023-01-25  |w 2019-11-19  |y BK  |k DER